[Event "Caribbean-ch U16"]
[Site "San Salvador"]
[Date "2021.11.27"]
[Round "3"]
[White "Rojas Mora, Maria Salvadora"]
[Black "Mora Chavarria, Sebastian"]
[Result "1/2-1/2"]
[WhiteElo "1176"]
[BlackElo "1460"]
[PlyCount "101"]
[EventDate "2021.11.27"]
[EventType "swiss"]
[EventRounds "9"]
[EventCountry "ESA"]
[SourceTitle "EXT 2023"]
[Source "ChessBase"]
[SourceDate "2022.10.05"]
[SourceVersion "1"]
[SourceVersionDate "2022.10.05"]
[SourceQuality "1"]
[WhiteTeam "Costa Rica"]
[BlackTeam "Costa Rica"]
[WhiteTeamCountry "CRI"]
[BlackTeamCountry "CRI"]

1. e4 e6 2. d4 d5 3. e5 c5 4. c3 Qb6 5. Nf3 Nc6 6. a3 c4 7. g3 Na5 8. Nbd2 Bd7 9. Bg2 f6 10. 0-0 0-0-0 11. Qc2 Ne7 12. Rb1 Nb3 13. Re1 Ba4 14. Nxb3 Bxb3 15. Qe2 f5 16. Ng5 Rd7 17. Nf7 Rg8 18. Nd6+ Kb8 19. h4 h6 20. h5 g5 21. hxg6 Nxg6 22. Ne8 Be7 23. Nf6 Bxf6 24. exf6 f4 25. Qxe6 Qxe6 26. Rxe6 Bc2 27. Ra1 Bf5 28. Re2 Rf8 29. Bxf4+ Nxf4 30. gxf4 Rxf6 31. Re5 Rg7 32. Kh2 Rg4 33. Bxd5 Rh4+ 34. Kg3 Rh3+ 35. Kg2 Rg6+ 36. Kf1 Bd3+ 37. Re2 Bxe2+ 38. Kxe2 Rf6 39. Bxc4 Rxf4 40. Rf1 h5 41. f3 Rg3 42. Rf2 h4 43. Bd5 Rf5 44. Be4 Rf7 45. Rh2 h3 46. Kf2 Rfg7 47. f4 Kc7 48. f5 R3g4 49. Bf3 Rf4 50. Rxh3 Rxf5 51. Ke3 1/2-1/2